<?xml version="1.0" encoding="UTF-8"?>
<record
    xmlns:xsi="http://www.w3.org/2001/XMLSchema-instance"
    xsi:schemaLocation="http://www.loc.gov/MARC21/slim http://www.loc.gov/standards/marcxml/schema/MARC21slim.xsd"
    xmlns="http://www.loc.gov/MARC21/slim">

  <leader>00231nam a22001097a 4500</leader>
  <datafield tag="040" ind1=" " ind2=" ">
    <subfield code="c">SK</subfield>
  </datafield>
  <datafield tag="082" ind1=" " ind2=" ">
    <subfield code="a">530</subfield>
  </datafield>
  <datafield tag="100" ind1=" " ind2=" ">
    <subfield code="a">&#x179F;&#x17C1;&#x1784; &#x179C;&#x17B7;&#x1791;&#x17D2;&#x1799;&#x17B6;</subfield>
  </datafield>
  <datafield tag="245" ind1=" " ind2=" ">
    <subfield code="a">&#x179A;&#x17BC;&#x1794;&#x179C;&#x17B7;&#x1791;&#x17D2;&#x1799;&#x17B6;</subfield>
  </datafield>
  <datafield tag="260" ind1=" " ind2=" ">
    <subfield code="a">RUA</subfield>
    <subfield code="b">530</subfield>
    <subfield code="c">1997</subfield>
  </datafield>
  <datafield tag="942" ind1=" " ind2=" ">
    <subfield code="c">KB</subfield>
  </datafield>
  <datafield tag="999" ind1=" " ind2=" ">
    <subfield code="c">8475</subfield>
    <subfield code="d">8475</subfield>
  </datafield>
  <datafield tag="952" ind1=" " ind2=" ">
    <subfield code="0">0</subfield>
    <subfield code="1">0</subfield>
    <subfield code="4">0</subfield>
    <subfield code="6">530_000000000000000_&#x179F;&#x17C1;&#x1784;_1997_C161</subfield>
    <subfield code="7">0</subfield>
    <subfield code="9">48516</subfield>
    <subfield code="a">LBC</subfield>
    <subfield code="b">LBC</subfield>
    <subfield code="c">C161</subfield>
    <subfield code="d">2016-08-02</subfield>
    <subfield code="o">530 &#x179F;&#x17C1;&#x1784; 1997 C161 </subfield>
    <subfield code="p">RUA42115</subfield>
    <subfield code="r">2016-08-02</subfield>
    <subfield code="y">KB</subfield>
  </datafield>
  <datafield tag="952" ind1=" " ind2=" ">
    <subfield code="0">0</subfield>
    <subfield code="1">0</subfield>
    <subfield code="4">0</subfield>
    <subfield code="6">530_000000000000000_&#x179F;&#x17C1;&#x1784;_1997_C161_OR</subfield>
    <subfield code="7">0</subfield>
    <subfield code="9">48519</subfield>
    <subfield code="a">LBC</subfield>
    <subfield code="b">LBC</subfield>
    <subfield code="c">C161</subfield>
    <subfield code="d">2016-08-02</subfield>
    <subfield code="o">530 &#x179F;&#x17C1;&#x1784; 1997 C161 Or.</subfield>
    <subfield code="p">RUA062623</subfield>
    <subfield code="r">2016-08-02</subfield>
    <subfield code="y">KB</subfield>
  </datafield>
  <datafield tag="952" ind1=" " ind2=" ">
    <subfield code="0">0</subfield>
    <subfield code="1">0</subfield>
    <subfield code="4">0</subfield>
    <subfield code="6">530_000000000000000_&#x179F;&#x17C1;&#x1784;_1997_C161</subfield>
    <subfield code="7">0</subfield>
    <subfield code="9">48522</subfield>
    <subfield code="a">LBC</subfield>
    <subfield code="b">LBC</subfield>
    <subfield code="c">C161</subfield>
    <subfield code="d">2016-08-02</subfield>
    <subfield code="o">530 &#x179F;&#x17C1;&#x1784; 1997 C161 </subfield>
    <subfield code="p">RUA062563</subfield>
    <subfield code="r">2016-10-12</subfield>
    <subfield code="y">KB</subfield>
  </datafield>
  <datafield tag="952" ind1=" " ind2=" ">
    <subfield code="0">0</subfield>
    <subfield code="1">0</subfield>
    <subfield code="4">0</subfield>
    <subfield code="6">530_000000000000000_&#x179F;&#x17C1;&#x1784;_1997</subfield>
    <subfield code="7">0</subfield>
    <subfield code="9">48524</subfield>
    <subfield code="a">LBC</subfield>
    <subfield code="b">LBC</subfield>
    <subfield code="d">2016-08-02</subfield>
    <subfield code="l">1</subfield>
    <subfield code="o">530 &#x179F;&#x17C1;&#x1784; 1997</subfield>
    <subfield code="p">RUA062503</subfield>
    <subfield code="r">2021-01-26</subfield>
    <subfield code="s">2017-02-15</subfield>
    <subfield code="y">KB</subfield>
  </datafield>
</record>
